[Event "ODJM A 2016"]
[Site "Willingen GER"]
[Date "2016.05.17"]
[Round "5"]
[White "Wenninger, Philipp"]
[Black "Greßmann, Moritz"]
[Result "1-0"]
[Termination "normal"]
[Board "1"]
[WhiteElo "2352"]
[BlackElo "2206"]
[WhiteClock "00:24:34"]
[BlackClock "00:23:00"]
[PlyCount "93"]
[WhiteFideId "4648404"]
[BlackFideId "24695084"]
[EventCountry "GER"]
[EventRounds "9"]
[EventType "swiss"]
[EventDate "2016.05.14"]

1. d4 d5 2. c4 dxc4 3. e3 Nf6 4. Bxc4 e6 5. Nf3 Nbd7 6. Nc3 b6 7. e4 Bb7 8. e5
Nd5 9. Nxd5 Bxd5 10. Bxd5 Bb4+ 11. Kf1 exd5 12. Qb3 Be7 13. Qxd5 O-O 14. Qe4
Re8 15. Bf4 c5 16. d5 Bf6 17. d6 Nxe5 18. Bxe5 Qxd6 19. Re1 Bxe5 20. Nxe5 Rad8
21. f4 Qd2 22. Nf3 Rxe4 23. Nxd2 Rxf4+ 24. Ke2 Rfd4 25. Nf3 Rb4 26. Rb1 g5 27.
Rhd1 Re8+ 28. Kf2 g4 29. Nh4 Re5 30. Rd2 Rbe4 31. Rc1 h5 32. Rcc2 Rf4+ 33. Kg3
Rfe4 34. Rc3 b5 35. b3 a5 36. Rdc2 a4 37. Rxc5 axb3 38. axb3 Re3+ 39. Kf2 Rxc5
40. Rxc5 Rxb3 41. Rxh5 g3+ 42. hxg3 Kg7 43. Rf5 b4 44. Rb5 Rb1 45. Nf5+ Kf6 46.
Nd4 Kg6 47. g4 1-0

[Event "ODJM A 2016"]
[Site "Willingen GER"]
[Date "2016.05.17"]
[Round "5"]
[White "Beesk, Kevin"]
[Black "Reuker, Jari"]
[Result "0-1"]
[Termination "normal"]
[Board "2"]
[WhiteElo "1961"]
[BlackElo "2081"]
[WhiteClock "00:24:20"]
[BlackClock "00:26:31"]
[PlyCount "82"]
[WhiteFideId "1271882"]
[BlackFideId "12909300"]
[EventCountry "GER"]
[EventRounds "9"]
[EventType "swiss"]
[EventDate "2016.05.14"]

1. Nc3 d5 2. e4 dxe4 3. Nxe4 Nd7 4. Bc4 e6 5. Qe2 Ngf6 6. d3 Be7 7. Nf3 O-O 8.
O-O a6 9. c3 b5 10. Bb3 Bb7 11. Re1 h6 12. h3 c5 13. Bf4 Qb6 14. Rad1 Rad8 15.
Kh2 Nh5 16. Bc1 Qc7+ 17. g3 Nhf6 18. Bc2 Rfe8 19. Rg1 e5 20. g4 c4 21. g5 hxg5
22. Nfxg5 cxd3 23. Bxd3 Nc5 24. Bc2 Nfxe4 25. Nxe4 Rxd1 26. Rxd1 g6 27. Rg1 Kg7
28. Rg3 Rh8 29. f3 Bc8 30. Qg2 Bh4 31. Rxg6+ fxg6 32. Nxc5 e4+ 33. Kh1 Qxc5 34.
Bxe4 Qd6 35. Be3 Qd1+ 36. Kh2 Qd6+ 37. f4 Kh7 38. Qf3 Bg5 39. Kg2 Bh6 40. Bd4
Rd8 41. h4 Bf5 0-1

[Event "ODJM A 2016"]
[Site "Willingen GER"]
[Date "2016.05.17"]
[Round "5"]
[White "Meyer, Henrik"]
[Black "Pluska, Alexander"]
[Result "1-0"]
[Termination "normal"]
[Board "3"]
[WhiteElo "2068"]
[BlackElo "2158"]
[WhiteClock "00:21:37"]
[BlackClock "00:02:00"]
[PlyCount "81"]
[WhiteFideId "12958182"]
[BlackFideId "12975141"]
[EventCountry "GER"]
[EventRounds "9"]
[EventType "swiss"]
[EventDate "2016.05.14"]

1. e4 c5 2. Nf3 d6 3. d4 cxd4 4. Nxd4 Nf6 5. Nc3 a6 6. Bg5 e6 7. f4 h6 8. Bh4
Qb6 9. Qd2 Qxb2 10. Rb1 Qa3 11. f5 Nc6 12. fxe6 fxe6 13. Be2 g5 14. Bf2 Be7 15.
O-O Ne5 16. Rb3 Qa5 17. Nxe6 Bxe6 18. Bb6 Nxe4 19. Qd4 Nxc3 20. Bh5+ Kd7 21.
Bxa5 Bxb3 22. axb3 Nb5 23. Bg4+ Ke8 24. Qe4 Rf8 25. Bh5+ Kd7 26. Qxb7+ Ke6 27.
Re1 Ra7 28. Qe4 Rf4 29. Qc6 Nd4 30. Qc8+ Kf6 31. Bd2 Rf5 32. Qh8+ Ke6 33. Bg4
Kd5 34. Bxf5 Nxf5 35. Qb8 Nc6 36. c4+ Kc5 37. Qc8 Nfd4 38. Be3 Bf6 39. Rd1 a5
40. Bxd4+ Bxd4+ 41. Rxd4 1-0

[Event "ODJM A 2016"]
[Site "Willingen GER"]
[Date "2016.05.17"]
[Round "5"]
[White "Meißner, Felix"]
[Black "Diller, Daniel"]
[Result "1/2-1/2"]
[Termination "normal"]
[Board "4"]
[WhiteTitle "FM"]
[WhiteElo "2287"]
[BlackElo "1903"]
[WhiteClock "00:55:02"]
[BlackClock "00:31:25"]
[PlyCount "40"]
[WhiteFideId "24671827"]
[BlackFideId "12908983"]
[EventCountry "GER"]
[EventRounds "9"]
[EventType "swiss"]
[EventDate "2016.05.14"]

1. c4 e6 2. Nc3 c5 3. Nf3 Nf6 4. g3 Nc6 5. Bg2 d5 6. cxd5 exd5 7. d4 Be7 8. O-O
O-O 9. dxc5 Bxc5 10. Bg5 d4 11. Bxf6 Qxf6 12. Ne4 Qe7 13. Nxc5 Qxc5 14. Rc1 Qb6
15. Qd2 Be6 16. b3 Rfe8 17. Rfe1 h6 18. e3 Rad8 19. Nxd4 Nxd4 20. exd4 Rxd4
1/2-1/2

[Event "ODJM A 2016"]
[Site "Willingen GER"]
[Date "2016.05.17"]
[Round "5"]
[White "Xu, Xianliang"]
[Black "Terhuven, Patrick"]
[Result "1/2-1/2"]
[Termination "normal"]
[Board "5"]
[WhiteTitle "FM"]
[WhiteElo "2273"]
[BlackElo "2125"]
[WhiteClock "00:07:05"]
[BlackClock "00:11:16"]
[PlyCount "52"]
[WhiteFideId "4603230"]
[BlackFideId "12919098"]
[EventCountry "GER"]
[EventRounds "9"]
[EventType "swiss"]
[EventDate "2016.05.14"]

1. e4 e5 2. Nf3 Nc6 3. Bc4 Bc5 4. b4 Bxb4 5. c3 Be7 6. d4 Na5 7. Bd3 d6 8. Ba3
Nc6 9. d5 Nb8 10. O-O Nf6 11. Nbd2 Nbd7 12. Rb1 O-O 13. Nc4 b6 14. Ne3 g6 15.
Qc2 Nh5 16. Bb5 a6 17. Bc6 Ra7 18. c4 Bf6 19. Rfc1 Qe7 20. g3 Bg7 21. Rb3 f6
22. Re1 Kh8 23. Rbb1 Rf7 24. Re2 Rf8 25. Ree1 Rf7 26. Re2 Rf8 1/2-1/2

[Event "ODJM A 2016"]
[Site "Willingen GER"]
[Date "2016.05.17"]
[Round "5"]
[White "Holtel, Jasper"]
[Black "Schimnatkowski, Lukas"]
[Result "1-0"]
[Termination "normal"]
[Board "6"]
[WhiteTitle "FM"]
[WhiteElo "2269"]
[BlackElo "1978"]
[WhiteClock "00:16:24"]
[BlackClock "00:05:21"]
[PlyCount "65"]
[WhiteFideId "12956376"]
[BlackFideId "12936723"]
[EventCountry "GER"]
[EventRounds "9"]
[EventType "swiss"]
[EventDate "2016.05.14"]

1. e4 Nc6 2. Nf3 f5 3. exf5 d5 4. Bb5 Bxf5 5. Ne5 Qd6 6. d4 Nf6 7. O-O Nd7 8.
Nc3 e6 9. Nd3 Bxd3 10. Qxd3 O-O-O 11. Re1 Be7 12. Bxc6 Qxc6 13. Bf4 a6 14. Re3
Bf6 15. Rae1 Rde8 16. b3 g5 17. Bg3 h5 18. h3 Rhg8 19. Na4 h4 20. Bh2 g4 21.
hxg4 Rxg4 22. Qe2 Rxd4 23. Rc3 Qb5 24. Rxc7+ Kd8 25. Qf3 Rf8 26. Bd6 Be7 27.
Bxe7+ Kxe7 28. Qh3 Kd8 29. Rxd7+ Qxd7 30. Nc5 Qd6 31. Nxe6+ Kc8 32. Nxd4+ Kb8
33. Qh2 1-0

[Event "ODJM A 2016"]
[Site "Willingen GER"]
[Date "2016.05.17"]
[Round "5"]
[White "Quante, Lennart"]
[Black "Böhning, Kilian"]
[Result "1/2-1/2"]
[Termination "normal"]
[Board "7"]
[WhiteElo "2062"]
[BlackElo "2229"]
[WhiteClock "00:00:42"]
[BlackClock "00:04:12"]
[PlyCount "143"]
[WhiteFideId "12979627"]
[BlackFideId "1270499"]
[EventCountry "GER"]
[EventRounds "9"]
[EventType "swiss"]
[EventDate "2016.05.14"]

1. d4 f5 2. Bg5 c6 3. c3 d6 4. Qc2 h6 5. Bc1 Nf6 6. Nf3 g5 7. Nbd2 Bg7 8. e4
fxe4 9. Nxe4 Nxe4 10. Qxe4 O-O 11. Bd3 Bf5 12. Qe2 e5 13. dxe5 dxe5 14. Bc4+
Kh7 15. O-O e4 16. Nd4 Bxd4 17. cxd4 b5 18. Bb3 a5 19. a4 b4 20. Be3 Qd6 21.
Rfd1 Nd7 22. Rac1 Nf6 23. Qc4 Ng4 24. g3 Nxe3 25. fxe3 Bg4 26. Rf1 Bh3 27. Rf7+
Rxf7 28. Qxf7+ Kh8 29. Qh5 Bf5 30. Rc5 Rf8 31. Bf7 Bh7 32. Re5 Qf6 33. Re8 Kg7
34. Rxf8 Kxf8 35. Bb3 Ke7 36. Qe2 Kd6 37. Bd1 Bg8 38. Qc2 Qf5 39. Qe2 Be6 40.
Qa6 g4 41. Qb6 h5 42. Qb8+ Ke7 43. Qc7+ Bd7 44. Qb8 c5 45. Qg8 Be6 46. Qg7+ Kd6
47. dxc5+ Qxc5 48. Qf8+ Kc6 49. Qa8+ Kb6 50. Qxe4 Qc8 51. Qe5 Bc4 52. Bc2 Be2
53. Qd4+ Ka6 54. Bd3+ Bxd3 55. Qxd3+ Ka7 56. Qd4+ Ka6 57. Qd3+ Ka7 58. Qe2 Qc5
59. Qd2 Kb7 60. Qd7+ Kb8 61. Qe8+ Kb7 62. Qe4+ Kb8 63. Kg2 Qc1 64. Qe8+ Ka7 65.
Qd7+ Kb8 66. Qb5+ Kc8 67. Qf5+ Kb8 68. Qe5+ Kb7 69. Qb5+ Kc8 70. Qa6+ Kb8 71.
Qe2 Kc7 72. b3 1/2-1/2

[Event "ODJM A 2016"]
[Site "Willingen GER"]
[Date "2016.05.17"]
[Round "5"]
[White "Hebbering, Tom Elliot"]
[Black "Küppers, Timo"]
[Result "1-0"]
[Termination "normal"]
[Board "8"]
[WhiteElo "2189"]
[BlackElo "1894"]
[WhiteClock "00:22:21"]
[BlackClock "00:13:03"]
[PlyCount "59"]
[WhiteFideId "12901750"]
[BlackFideId "16205820"]
[EventCountry "GER"]
[EventRounds "9"]
[EventType "swiss"]
[EventDate "2016.05.14"]

1. d4 Nf6 2. Nf3 e6 3. c4 Bb4+ 4. Nbd2 d5 5. Qc2 O-O 6. a3 Be7 7. g3 Nbd7 8.
Bg2 c5 9. cxd5 exd5 10. O-O Re8 11. Rd1 Bd6 12. Nb1 c4 13. Nc3 a6 14. Ne5 Nb6
15. e4 dxe4 16. Nxe4 Bf5 17. Bg5 Qe7 18. Nxf6+ Qxf6 19. Qd2 Qe6 20. Re1 f6 21.
Nf3 Qd7 22. Bf4 Bxf4 23. Qxf4 Nd5 24. Qd2 b5 25. Rxe8+ Rxe8 26. Re1 Rd8 27. Qa5
Qd6 28. Nh4 Bc8 29. a4 Qb6 30. Bxd5+ 1-0

[Event "ODJM A 2016"]
[Site "Willingen GER"]
[Date "2016.05.17"]
[Round "5"]
[White "Wachinger, David"]
[Black "Bohlsen, Linus"]
[Result "1/2-1/2"]
[Termination "normal"]
[Board "10"]
[WhiteElo "1944"]
[BlackElo "2168"]
[PlyCount "148"]
[WhiteFideId "24692689"]
[BlackFideId "12958093"]
[EventCountry "GER"]
[EventRounds "9"]
[EventType "swiss"]
[EventDate "2016.05.14"]

1. e4 c5 2. c4 e6 3. Nc3 a6 4. Nf3 Qc7 5. Be2 b6 6. O-O Bb7 7. a3 Be7 8. d4
cxd4 9. Nxd4 Nf6 10. Qc2 O-O 11. Be3 d6 12. Rfd1 Nbd7 13. f3 Rac8 14. Rac1 Rfe8
15. Qd2 Qb8 16. Bf1 Bd8 17. Qf2 Bc7 18. g3 Ne5 19. b3 h6 20. Nde2 Rcd8 21. Nf4
Ba8 22. Nd3 Nxd3 23. Rxd3 d5 24. cxd5 exd5 25. Nxd5 Nxd5 26. exd5 b5 27. Bc5
Bxd5 28. b4 Bb7 29. Rcd1 Qa8 30. Bg2 Rxd3 31. Rxd3 Be5 32. Rd7 Bc3 33. Rd1 Qc8
34. Rc1 Bf6 35. Be3 Qe6 36. Bd4 Bxd4 37. Qxd4 Qe3+ 38. Qxe3 Rxe3 39. f4 Bxg2
40. Kxg2 Rxa3 41. Rc8+ Kh7 42. Ra8 Kg6 43. Ra7 Kf6 44. Kh3 g6 45. Kg4 Ra4 46.
Kf3 Ke6 47. Kg4 Kf6 48. Kf3 h5 49. Kg2 Rxb4 50. Rxa6+ Kf5 51. Rb6 Rb3 52. Rb7
f6 53. Rb6 g5 54. fxg5 fxg5 55. Rb8 Rb2+ 56. Kf3 Rb3+ 57. Kg2 g4 58. Rh8 Kg6
59. Rg8+ Kh7 60. Rb8 Rb2+ 61. Kg1 b4 62. Rb6 b3 63. Kf1 Kg7 64. Ke1 Rb1+ 65.
Kf2 b2 66. Kg2 Kf7 67. Rb7+ Ke6 68. Rb6+ Kf5 69. Rb8 Ke4 70. Re8+ Kd5 71. Rd8+
Kc6 72. Rb8 Kc7 73. Rb4 Kc6 74. Rb8 Kc7 1/2-1/2

[Event "ODJM A 2016"]
[Site "Willingen GER"]
[Date "2016.05.17"]
[Round "5"]
[White "Dette, Jan"]
[Black "Ciolek, Andreas"]
[Result "1/2-1/2"]
[Termination "normal"]
[Board "12"]
[WhiteElo "2023"]
[BlackElo "2102"]
[PlyCount "64"]
[WhiteFideId "12936677"]
[BlackFideId "12906727"]
[EventCountry "GER"]
[EventRounds "9"]
[EventType "swiss"]
[EventDate "2016.05.14"]

1. f4 Nf6 2. Nf3 g6 3. e3 Bg7 4. Be2 O-O 5. O-O d6 6. d4 Nbd7 7. Nc3 a6 8. e4
b5 9. e5 Ne8 10. Ng5 e6 11. Bf3 d5 12. Nxd5 exd5 13. Bxd5 Nb6 14. Bxa8 Nxa8 15.
c3 Nb6 16. b3 f6 17. Nf3 Be6 18. Qe2 fxe5 19. fxe5 h6 20. Ba3 Rf7 21. Nd2 Nd5
22. Rxf7 Kxf7 23. Rf1+ Kg8 24. c4 Nc3 25. Qd3 Qxd4+ 26. Qxd4 Ne2+ 27. Kh1 Nxd4
28. cxb5 axb5 29. Ne4 Bf5 30. Ng3 Be6 31. Ne4 Bf5 32. Ng3 Be6 1/2-1/2

[Event "ODJM A 2016"]
[Site "Willingen GER"]
[Date "2016.05.17"]
[Round "5"]
[White "Visvikis, Christos"]
[Black "Marx, Joschka"]
[Result "1/2-1/2"]
[Termination "normal"]
[Board "13"]
[WhiteElo "1894"]
[BlackElo "2039"]
[PlyCount "47"]
[WhiteFideId "12967955"]
[BlackFideId "24645869"]
[EventCountry "GER"]
[EventRounds "9"]
[EventType "swiss"]
[EventDate "2016.05.14"]

1. e4 c5 2. Nf3 e6 3. d4 cxd4 4. Nxd4 a6 5. Nc3 Qc7 6. Bd3 Nf6 7. O-O Bc5 8.
Nb3 Be7 9. Be3 d6 10. f3 Nbd7 11. Qe1 h5 12. Bg5 b6 13. f4 Bb7 14. Qe2 Nc5 15.
Rad1 Nxb3 16. axb3 Ng4 17. Bxe7 Qxe7 18. h3 Nf6 19. f5 O-O 20. e5 dxe5 21. Qxe5
Rae8 22. Rde1 Qd7 23. Qf4 Qc6 24. Qg5 1/2-1/2

[Event "ODJM A 2016"]
[Site "Willingen GER"]
[Date "2016.05.17"]
[Round "5"]
[White "Müller, Max"]
[Black "Lüßmann, Thomas"]
[Result "1-0"]
[Termination "normal"]
[Board "14"]
[WhiteElo "1960"]
[BlackElo "1915"]
[PlyCount "41"]
[WhiteFideId "12900486"]
[BlackFideId "1270602"]
[EventCountry "GER"]
[EventRounds "9"]
[EventType "swiss"]
[EventDate "2016.05.14"]

1. e4 e6 2. d4 d5 3. Nc3 dxe4 4. Nxe4 Nd7 5. Nf3 Ngf6 6. Bg5 h6 7. Bxf6 Nxf6 8.
Bd3 Be7 9. Qe2 O-O 10. O-O-O Nd5 11. g3 Nb4 12. Bc4 b5 13. Bxb5 Nxa2+ 14. Kb1
Bb7 15. d5 Bxd5 16. c4 c6 17. Bxc6 Bxe4+ 18. Bxe4 Qa5 19. Bxa8 Rxa8 20. Qe5 Qb4
21. Kxa2 1-0

[Event "ODJM A 2016"]
[Site "Willingen GER"]
[Date "2016.05.17"]
[Round "5"]
[White "Zahn, Benno"]
[Black "Weber, Jannis"]
[Result "1/2-1/2"]
[Termination "normal"]
[Board "15"]
[WhiteElo "2106"]
[BlackElo "1865"]
[PlyCount "52"]
[WhiteFideId "24636070"]
[BlackFideId "12990760"]
[EventCountry "GER"]
[EventRounds "9"]
[EventType "swiss"]
[EventDate "2016.05.14"]

1. e4 c5 2. Nf3 d6 3. d4 cxd4 4. Nxd4 Nf6 5. Nc3 a6 6. Bg5 e6 7. f4 Be7 8. Qe2
Qc7 9. O-O-O Nbd7 10. g3 b5 11. a3 Bb7 12. Bxf6 Bxf6 13. Ndxb5 axb5 14. Nxb5
Bxb2+ 15. Kxb2 Qc5 16. Qc4 O-O 17. Qxc5 Nxc5 18. Nxd6 Bxe4 19. Nxe4 Rab8+ 20.
Kc1 Nxe4 21. Rd4 Nc3 22. Rd3 Rb1+ 23. Kd2 Ne4+ 24. Ke3 Re1+ 25. Kf3 Rc8 26. Re3
Nd2+ 1/2-1/2

[Event "ODJM A 2016"]
[Site "Willingen GER"]
[Date "2016.05.17"]
[Round "5"]
[White "Balazs, Balint"]
[Black "Acikel, Mert"]
[Result "1-0"]
[Termination "normal"]
[Board "16"]
[WhiteElo "2145"]
[BlackElo "1883"]
[PlyCount "79"]
[WhiteFideId "12922757"]
[BlackFideId "12956465"]
[EventCountry "GER"]
[EventRounds "9"]
[EventType "swiss"]
[EventDate "2016.05.14"]

1. d4 d5 2. Nf3 Nf6 3. Bf4 c5 4. e3 Nc6 5. Nbd2 e6 6. c3 Be7 7. Bd3 O-O 8. Bg3
a6 9. O-O b6 10. Ne5 Nxe5 11. Bxe5 Bd7 12. e4 Bb5 13. Bxb5 axb5 14. Bxf6 Bxf6
15. e5 Be7 16. f4 c4 17. a3 g6 18. g4 f5 19. exf6 Rxf6 20. Qe2 Bd6 21. Nf3 Bxf4
22. Rae1 g5 23. Kh1 Qd6 24. Ne5 Bxe5 25. dxe5 Rxf1+ 26. Rxf1 Qe7 27. Qe3 Rf8
28. Rxf8+ Kxf8 29. Qxb6 Qf7 30. Qd8+ Qe8 31. Qxg5 d4 32. Qf4+ Kg8 33. cxd4 Qc6+
34. Kg1 c3 35. bxc3 Qxc3 36. Qg5+ Kh8 37. Qf6+ Kg8 38. Qxe6+ Kg7 39. Qf6+ Kg8
40. e6 1-0

[Event "ODJM A 2016"]
[Site "Willingen GER"]
[Date "2016.05.17"]
[Round "5"]
[White "Lutter, Maximilian"]
[Black "Buhr, Patrick"]
[Result "1-0"]
[Termination "normal"]
[Board "17"]
[WhiteElo "1896"]
[BlackElo "1744"]
[PlyCount "71"]
[WhiteFideId "12934402"]
[BlackFideId "16206436"]
[EventCountry "GER"]
[EventRounds "9"]
[EventType "swiss"]
[EventDate "2016.05.14"]

1. d4 d5 2. c4 c6 3. Nc3 Nf6 4. e3 Bf5 5. Qb3 Qb6 6. c5 Qxb3 7. axb3 Nbd7 8.
Nf3 e6 9. b4 b5 10. Ra6 Nb8 11. Ra2 Nfd7 12. Bd2 f6 13. Be2 Be7 14. O-O O-O 15.
Rfa1 a6 16. Be1 Bd8 17. Nd2 e5 18. Nb3 Be6 19. f3 f5 20. dxe5 d4 21. exd4 Bxb3
22. Ra3 Be6 23. f4 Rf7 24. Bf3 Ra7 25. d5 cxd5 26. Nxb5 axb5 27. Rxa7 Nc6 28.
Ra8 Rf8 29. Rd1 Ne7 30. Ra6 Kf7 31. Bh4 Ng6 32. Rxe6 Nxh4 33. Bxd5 Ng6 34. g3
Ne7 35. Rd6+ Ke8 36. Be6 1-0

[Event "ODJM A 2016"]
[Site "Willingen GER"]
[Date "2016.05.17"]
[Round "5"]
[White "Hofmann, Marko"]
[Black "Hesse, Henrik"]
[Result "0-1"]
[Termination "normal"]
[Board "18"]
[WhiteElo "1812"]
[BlackElo "1922"]
[PlyCount "72"]
[WhiteFideId "12935875"]
[BlackFideId "12952060"]
[EventCountry "GER"]
[EventRounds "9"]
[EventType "swiss"]
[EventDate "2016.05.14"]

1. e4 Nf6 2. Nc3 d5 3. d4 Nxe4 4. Nxe4 dxe4 5. Bc4 g6 6. c3 Bg7 7. f3 e6 8. Qe2
c5 9. dxc5 Qa5 10. Bd2 exf3 11. Nxf3 Qxc5 12. Be3 Qe7 13. O-O O-O 14. Qf2 b6
15. Bd4 Nc6 16. Bxg7 Kxg7 17. Kh1 Bb7 18. Rae1 Rad8 19. Qg3 Na5 20. Be2 Bxf3
21. Bxf3 Nc4 22. Rf2 Nd2 23. Bg4 Qd6 24. Qe3 Nc4 25. Qe4 Qd5 26. Qf4 e5 27.
Qf6+ Kg8 28. Rd1 Qa8 29. Re1 Rd6 30. Qg5 Qd8 31. Qh6 e4 32. b3 e3 33. Rf4 Ne5
34. Be2 g5 35. Qh5 gxf4 36. Qxe5 Qf6 0-1

[Event "ODJM A 2016"]
[Site "Willingen GER"]
[Date "2016.05.17"]
[Round "5"]
[White "Hartmann, Jakob"]
[Black "Schmidt, Daniel"]
[Result "1-0"]
[Termination "normal"]
[Board "19"]
[WhiteElo "1983"]
[BlackElo "1861"]
[PlyCount "55"]
[WhiteFideId "12918067"]
[BlackFideId "12957950"]
[EventCountry "GER"]
[EventRounds "9"]
[EventType "swiss"]
[EventDate "2016.05.14"]

1. e4 c5 2. Nf3 d6 3. d4 cxd4 4. Nxd4 Nf6 5. Nc3 a6 6. Bg5 e6 7. f4 Qb6 8. Qd3
Nc6 9. Nb3 Bd7 10. Be2 Nb4 11. Qd2 h5 12. a3 Nc6 13. Bh4 Na5 14. Nxa5 Qxa5 15.
O-O-O Bc6 16. Bf3 Nd7 17. Kb1 Qc7 18. Rhe1 Nb6 19. Nd5 Nxd5 20. exd5 Bd7 21.
Qd3 Be7 22. Bxe7 Kxe7 23. dxe6 fxe6 24. Bd5 Kf6 25. Qg3 Rae8 26. Qg5+ Kf7 27.
Qf5+ Kg8 28. Rxe6 1-0

[Event "ODJM A 2016"]
[Site "Willingen GER"]
[Date "2016.05.17"]
[Round "5"]
[White "Knudsen, Simon"]
[Black "Kappelmann, Florian"]
[Result "1-0"]
[Termination "normal"]
[Board "20"]
[WhiteElo "1907"]
[BlackElo "1643"]
[PlyCount "105"]
[WhiteFideId "12985546"]
[BlackFideId "12973165"]
[EventCountry "GER"]
[EventRounds "9"]
[EventType "swiss"]
[EventDate "2016.05.14"]

1. e4 c6 2. d4 d5 3. e5 Bf5 4. Nf3 e6 5. Be2 Nd7 6. O-O c5 7. c4 Ne7 8. Bg5 Qb6
9. Nc3 dxc4 10. Bxc4 cxd4 11. Nxd4 Nxe5 12. Bb5+ N5c6 13. Bxe7 Bxe7 14. Nxf5
exf5 15. Nd5 Rd8 16. Nxb6 Rxd1 17. Rfxd1 axb6 18. Rac1 Bc5 19. a3 O-O 20. b4
Na7 21. Bd7 Be7 22. Bxf5 Nb5 23. a4 Nd6 24. Bg4 Ne4 25. Re1 Bg5 26. Rc8 Nf6 27.
Rxf8+ Kxf8 28. Bf3 Bd2 29. Rb1 Ke7 30. Kf1 Ne8 31. Bxb7 Nd6 32. Bd5 Nf5 33. Ke2
Bf4 34. a5 Bc7 35. a6 Bb8 36. Rc1 Kd6 37. Rc8 Ba7 38. Be4 Nd4+ 39. Ke3 b5 40.
Kd3 f5 41. Bf3 Ne6 42. Ra8 Bxf2 43. a7 Ke7 44. Re8+ Kxe8 45. a8=Q+ Kf7 46. Bd5
Kf6 47. Qc6 Kg5 48. Qxe6 g6 49. Qe7+ Kh6 50. h4 Bg1 51. Bf3 Bc5 52. bxc5 b4 53.
Qf8# 1-0

[Event "ODJM A 2016"]
[Site "Willingen GER"]
[Date "2016.05.17"]
[Round "5"]
[White "Wanner, Lukas"]
[Black "Wieber, Dominik"]
[Result "1-0"]
[Termination "normal"]
[Board "21"]
[WhiteElo "2004"]
[BlackElo "1855"]
[PlyCount "37"]
[WhiteFideId "12918148"]
[BlackFideId "24699012"]
[EventCountry "GER"]
[EventRounds "9"]
[EventType "swiss"]
[EventDate "2016.05.14"]

1. c4 e5 2. g3 Nf6 3. Bg2 g6 4. Nc3 Bg7 5. e4 d6 6. Nge2 O-O 7. O-O c5 8. d3
Nc6 9. h3 Be6 10. f4 Qc8 11. g4 h6 12. f5 Bd7 13. g5 hxg5 14. Bxg5 gxf5 15.
Bxf6 Bxf6 16. exf5 Bxf5 17. Ng3 Nd4 18. Nxf5 Nxf5 19. Qg4+ 1-0

[Event "ODJM A 2016"]
[Site "Willingen GER"]
[Date "2016.05.17"]
[Round "5"]
[White "Borchert, Louis"]
[Black "Kornitzky, Tino"]
[Result "1-0"]
[Termination "normal"]
[Board "22"]
[WhiteElo "1774"]
[BlackElo "1812"]
[PlyCount "111"]
[WhiteFideId "12990680"]
[BlackFideId "12970379"]
[EventCountry "GER"]
[EventRounds "9"]
[EventType "swiss"]
[EventDate "2016.05.14"]

1. e4 c5 2. c3 d5 3. exd5 Qxd5 4. d4 e6 5. Nf3 Nf6 6. Na3 Nc6 7. Nb5 Qd8 8.
dxc5 Bxc5 9. Qxd8+ Kxd8 10. Bg5 Ke7 11. a4 a6 12. Na3 h6 13. Bh4 a5 14. Bb5 Rd8
15. Nc4 Bd7 16. Ke2 b6 17. Rhd1 g5 18. Rxd7+ Nxd7 19. Bxc6 gxh4 20. Bxa8 Rxa8
21. Nxh4 Rg8 22. g3 Rg4 23. b3 Nf6 24. f3 Rg5 25. Rd1 Nd5 26. Kd3 Rg8 27. Ng2
Rd8 28. Kc2 Bb4 29. cxb4 Nxb4+ 30. Kc1 Na2+ 31. Kb2 Rxd1 32. Kxa2 Rf1 33. Ka3
Ra1+ 34. Kb2 Rf1 35. Nf4 Rxf3 36. Nxb6 Rf2+ 37. Ka3 Rxh2 38. Nc4 Rh1 39. Nxa5
Ra1+ 40. Kb4 Rg1 41. Kc5 Kd7 42. b4 Rxg3 43. Nc4 Kc7 44. b5 Rg5+ 45. Kb4 Kb8
46. a5 h5 47. b6 h4 48. a6 Rg4 49. Nd3 h3 50. Nde5 h2 51. Nc6+ Kc8 52. b7+ Kd7
53. b8=Q Rxc4+ 54. Kxc4 h1=Q 55. Qd8+ Kxc6 56. Qa8+ 1-0

[Event "ODJM A 2016"]
[Site "Willingen GER"]
[Date "2016.05.17"]
[Round "5"]
[White "Wastian, Jan"]
[Black "Garbuz, Vitaliy"]
[Result "1/2-1/2"]
[Termination "normal"]
[Board "23"]
[WhiteElo "1798"]
[BlackElo "1917"]
[PlyCount "49"]
[WhiteFideId "12911640"]
[BlackFideId "12990710"]
[EventCountry "GER"]
[EventRounds "9"]
[EventType "swiss"]
[EventDate "2016.05.14"]

1. e4 e5 2. Nf3 Nc6 3. Bb5 Nge7 4. O-O g6 5. c3 Bg7 6. d4 exd4 7. Nxd4 O-O 8.
Be3 a6 9. Bd3 d6 10. Nd2 f5 11. exf5 Nxd4 12. Bxd4 Bxd4 13. cxd4 Bxf5 14. Nb3
Qd7 15. Rc1 a5 16. Qc2 a4 17. Nd2 c6 18. Ne4 Bxe4 19. Bxe4 d5 20. Bd3 Rf4 21.
Rce1 Qd6 22. Re3 Rxd4 23. Rfe1 Re8 24. Re6 Qc7 25. Qe2 1/2-1/2

[Event "ODJM A 2016"]
[Site "Willingen GER"]
[Date "2016.05.17"]
[Round "5"]
[White "Udaykumar, Arunn Mark"]
[Black "Wagner, Robert"]
[Result "0-1"]
[Termination "normal"]
[Board "24"]
[WhiteElo "1724"]
[BlackElo "2009"]
[PlyCount "86"]
[WhiteFideId "12965456"]
[BlackFideId "24656879"]
[EventCountry "GER"]
[EventRounds "9"]
[EventType "swiss"]
[EventDate "2016.05.14"]

1. a4 Nf6 2. a5 d5 3. d4 e6 4. g3 Bd6 5. Bg2 Nbd7 6. Bg5 O-O 7. e4 dxe4 8. Bxe4
c6 9. Ne2 h6 10. Bxf6 Nxf6 11. Bg2 Bb4+ 12. c3 Bxa5 13. O-O Bb6 14. Nd2 Qc7 15.
Nf3 c5 16. dxc5 Bxc5 17. Qc2 Bd7 18. Rfd1 Rfd8 19. Nf4 Bc6 20. Qe2 Qe7 21. b4
Bd6 22. b5 Be4 23. Nh5 Bg6 24. Nxf6+ Qxf6 25. Qe3 a6 26. Nh4 Bh5 27. Rd3 Qe7
28. Qb6 Bc5 29. Rxd8+ Rxd8 30. Qa5 axb5 31. Qxb5 b6 32. Qb2 Qf6 33. Ra8 g5 34.
Rxd8+ Qxd8 35. Qc1 gxh4 36. Qxh6 Bg6 37. gxh4 Qd1+ 38. Bf1 Qg4+ 39. Bg2 Qd1+
40. Bf1 Qf3 41. Qd2 Kg7 42. Bg2 Qd3 43. Qe1 Qb1 0-1

[Event "ODJM A 2016"]
[Site "Willingen GER"]
[Date "2016.05.17"]
[Round "5"]
[White "Stemmler, Fabian"]
[Black "Behringer, Tom"]
[Result "1/2-1/2"]
[Termination "normal"]
[Board "25"]
[WhiteElo "1935"]
[BlackElo "1774"]
[PlyCount "75"]
[WhiteFideId "12964808"]
[BlackFideId "16203496"]
[EventCountry "GER"]
[EventRounds "9"]
[EventType "swiss"]
[EventDate "2016.05.14"]

1. e4 e6 2. d4 d5 3. Nd2 c5 4. exd5 Qxd5 5. Ngf3 cxd4 6. Bc4 Qd6 7. O-O Nf6 8.
Nb3 Nc6 9. Nbxd4 Nxd4 10. Nxd4 a6 11. c3 Qc7 12. Qe2 Bd6 13. h3 O-O 14. Bd3 h6
15. Qf3 Be5 16. Ne2 Bd7 17. Bf4 Bc6 18. Qg3 Bxf4 19. Qxf4 Qxf4 20. Nxf4 Rfd8
21. Rad1 Rac8 22. Bc2 Kf8 23. Rxd8+ Rxd8 24. Rd1 Ke7 25. Rxd8 Kxd8 26. f3 Kd7
27. Kf2 Kd6 28. Nd3 Nd7 29. Nb4 Bb5 30. a4 a5 31. Nd3 Bc6 32. b3 Nc5 33. Nxc5
Kxc5 34. Ke3 Bd5 35. g3 e5 36. h4 f5 37. Kf2 g6 38. Ke3 1/2-1/2